Vývoj platobnej schopnosti poľnohospodárskych podnikov SR

Príspevok hodnotí vývoj likvidity vo vybraných súboroch poľnohospodárskych podnikov v Slovenskej republike hospodáriacich v zemiakovo-ovsennej a kukuričnej výrobnej oblasti. Následne boli podniky podrobené analýze zameranej na vybrané indikátory rentability, likvidity a zadlženosti. Príspevok hodnot...

Descrizione completa

Salvato in:
Dettagli Bibliografici
Autore principale: Gurčík, Ľubomír
Altri autori: Herceg, Matúš
Natura: Capitolo di libro
Lingua:slovacco
Soggetti:
Tags: Aggiungi Tag
Nessun Tag, puoi essere il primo ad aggiungerne!!

MARC

LEADER 00000nla a2200000 4500
001 0195043
005 20240417075051.6
041 0 |a slo 
044 |a SK 
245 1 0 |a Vývoj platobnej schopnosti poľnohospodárskych podnikov SR  |c Ľubomír Gurčík, Matúš Herceg 
520 |a Príspevok hodnotí vývoj likvidity vo vybraných súboroch poľnohospodárskych podnikov v Slovenskej republike hospodáriacich v zemiakovo-ovsennej a kukuričnej výrobnej oblasti. Následne boli podniky podrobené analýze zameranej na vybrané indikátory rentability, likvidity a zadlženosti. Príspevok hodnotí aj výšku zisku dosiahnutého na hektár obhospodarovanej poľnohospodárskej pôdy. 
610 2 0 |a podnik poľnohospodársky 
610 2 0 |a analýza finančná 
610 2 0 |a likvidita podniku 
610 2 0 |a rentabilita podniku 
610 2 0 |a zadlženosť 
100 1 |a Gurčík, Ľubomír 
700 1 |a Herceg, Matúš